000 00772cab a2200241 4500
001 WB3410-20
008 090401t1998 xxu||||| |||| 00| 0 eng d
035 _a(Sirsi) u84853
041 _aeng
245 _aNew EMAS body
260 _c1998
350 _a0
490 _aDETR News Release
_v(180\ENV) 10 March 1998, (3)
520 _aThe Institute of Environmental Assessment is to take over the running of the Eco-Management and Audit Scheme (EMAS) from the DETR.
650 _aECO-MANAGEMENT AND AUDIT SCHEME
650 _aEMAS
650 _aENVIRONMENTAL MANAGEMENT SYSTEMS
650 _aENVIRONMENTAL PERFORMANCE
650 _aINSTITUTE OF ENVIRONMENTAL ASSESSMENT
690 _aENVIRONMENTAL AND LAND CONSULTANCY
942 _n0
948 _c13/03/1998
999 _c53359
_d53359